<?xml version="1.0" encoding="UTF-8"?>
<record
    xmlns:xsi="http://www.w3.org/2001/XMLSchema-instance"
    xsi:schemaLocation="http://www.loc.gov/MARC21/slim http://www.loc.gov/standards/marcxml/schema/MARC21slim.xsd"
    xmlns="http://www.loc.gov/MARC21/slim">

  <leader>01451nam a2200181Ia 4500</leader>
  <datafield tag="952" ind1=" " ind2=" ">
    <subfield code="0">0</subfield>
    <subfield code="1">0</subfield>
    <subfield code="4">0</subfield>
    <subfield code="7">0</subfield>
    <subfield code="a">11</subfield>
    <subfield code="b">11</subfield>
    <subfield code="d">2009-03-04</subfield>
    <subfield code="l">0</subfield>
    <subfield code="o">PN1995 C12 C556 2007</subfield>
    <subfield code="p">11 007744</subfield>
    <subfield code="r">2012-06-26</subfield>
    <subfield code="t">1</subfield>
    <subfield code="w">2012-06-26</subfield>
    <subfield code="y">LB</subfield>
  </datafield>
  <datafield tag="999" ind1=" " ind2=" ">
    <subfield code="c">72155</subfield>
    <subfield code="d">72155</subfield>
  </datafield>
  <controlfield tag="008">120626s2007    mx            000 0 spa d</controlfield>
  <datafield tag="020" ind1=" " ind2=" ">
    <subfield code="a">9789703247615</subfield>
  </datafield>
  <datafield tag="050" ind1=" " ind2=" ">
    <subfield code="a">PN1995 C12 </subfield>
    <subfield code="b">C556 2007</subfield>
  </datafield>
  <datafield tag="245" ind1=" " ind2=" ">
    <subfield code="a">Cineastas en conversaci&#xF3;n</subfield>
    <subfield code="b">: Entrevistas y conferencias </subfield>
    <subfield code="c">/ Juan Mora Catlett y otros</subfield>
  </datafield>
  <datafield tag="260" ind1=" " ind2=" ">
    <subfield code="a">M&#xE9;xico</subfield>
    <subfield code="b">: Universidad Auton&#xF3;ma de M&#xE9;xico</subfield>
    <subfield code="c">, 2007</subfield>
  </datafield>
  <datafield tag="300" ind1=" " ind2=" ">
    <subfield code="a">319 p&#xE1;ginas</subfield>
  </datafield>
  <datafield tag="490" ind1=" " ind2=" ">
    <subfield code="a">Cuadernos de estudio cinematogr&#xE1;ficos</subfield>
    <subfield code="v">: 12</subfield>
  </datafield>
  <datafield tag="500" ind1=" " ind2=" ">
    <subfield code="a">Incluye: Indice</subfield>
  </datafield>
  <datafield tag="505" ind1=" " ind2=" ">
    <subfield code="a">Cuadernos de Estudios Cinematogr&#xE1;ficos: una apuesta editorial para la ense&#xF1;anza cinematogr&#xE1;fica  
El documental seg&#xFA;n Michael Rabiger  
Theo Angelopoulus en M&#xE9;xico  
Emir Kusturica: la aventura de hacer cine  
Barber Schroeder: "No se puede decir c&#xF3;mo se hace el cine"  
Ron Mann y la cultura alternativa cinematogr&#xE1;fica  
Gus van Sant: del cine experimental a la din&#xE1;mica del oficio  
Jean- Claude Carri&#xE9;re: un guionista de regreso a M&#xE9;xico  
Daniel Burak: ficci&#xF3;n con documental  
Ra&#xFA;l Ruiz: el cine como guerra de guerrillas  
Todd Solondz: "La democracia no funciona en la creaci&#xF3;n cinematogr&#xE1;fica  
Vimukthi Jayasundara: realizar fuera de la ortodoxia  
Guillermo del Toro y el laberitno cinematogr&#xE1;fico  
Mike Hodges: en el thriller, la carta m&#xE1;gica, es la curiosidad del p&#xFA;blico  </subfield>
  </datafield>
  <datafield tag="519" ind1=" " ind2=" ">
    <subfield code="a">Material Complementario/  </subfield>
    <subfield code="b">Dise&#xF1;o y comunicaci&#xF3;n visual /</subfield>
    <subfield code="d">(11 007744)  </subfield>
  </datafield>
  <datafield tag="650" ind1=" " ind2="0">
    <subfield code="a">CINE</subfield>
    <subfield code="x">ENTREVISTAS Y CONFERENCIAS</subfield>
  </datafield>
  <datafield tag="942" ind1=" " ind2=" ">
    <subfield code="c">LB</subfield>
  </datafield>
</record>
